|
|
|
|
| LEADER |
01441cam a2200325 a 4500 |
| 001 |
c000395008 |
| 003 |
CARM |
| 005 |
20131021140939.0 |
| 008 |
131021s1986 weaa 000 0 eng d |
| 019 |
1 |
|
|a 4697876
|5 LACONCORD2021
|
| 035 |
|
|
|a (OCoLC)27627253
|5 LACONCORD2021
|
| 040 |
|
|
|a VVUT
|b eng
|c VVUT
|d NU
|
| 042 |
|
|
|a anuc
|
| 043 |
|
|
|a u-at-we
|
| 082 |
0 |
4 |
|a 381.45919410463
|2 19
|
| 245 |
0 |
0 |
|a America's Cup economic impact :
|b study summary /
|c Centre for Applied and Business Research.
|
| 260 |
|
|
|a Nedlands, W.A. :
|b Centre for Applied and Business Research, University of Western Australia,
|c 1986.
|
| 300 |
|
|
|a ii, 14 p. :
|b ill ;
|c 30 cm.
|
| 500 |
|
|
|a Prepared on behalf of: America's Cup Office, Government of Western Australia and Commonwealth America's Cup Support Group.
|
| 650 |
|
0 |
|a Tourism
|z Western Australia.
|
| 650 |
|
0 |
|a Visitors, Foreign
|z Western Australia.
|
| 650 |
|
0 |
|a America's Cup races.
|
| 710 |
2 |
|
|a Centre for Applied and Business Research (Nedlands, W.A.).
|
| 710 |
1 |
|
|a Western Australia.
|b America's Cup Office.
|
| 710 |
2 |
|
|a Commonwealth America's Cup Support Group (Australia).
|
| 852 |
8 |
|
|b CARM
|p 0595626
|f BK
|
| 852 |
8 |
|
|b SCAN
|h A3:AH13C0
|i F08705
|p 0595626
|f BK
|
| 999 |
f |
f |
|i 4ee17f3c-f6a0-5488-b400-cc7b9e8cd644
|s b2ef3931-9d4c-5222-b8fe-397bb5eff7a2
|
| 952 |
f |
f |
|p Can circulate
|a CAVAL
|b CAVAL
|c CAVAL
|d CARM 1 Store
|i book
|m 0595626
|
| 952 |
f |
f |
|a CAVAL
|b CAVAL
|c CAVAL
|d Unmapped Location
|e F08705
|f A3:AH13C0
|h Other scheme
|